¿Qué es la democracia? / (Record no. 10728)

MARC details
000 -LEADER
fixed length control field 00569nam a22001937a 4500
005 - DATE AND TIME OF LATEST TRANSACTION
control field 20250221175944.0
008 - FIXED-LENGTH DATA ELEMENTS--GENERAL INFORMATION
fixed length control field 231009b ||||| |||| 00| 0 spa d
020 ## - INTERNATIONAL STANDARD BOOK NUMBER
International Standard Book Number 950-557-213-1
040 ## - CATALOGING SOURCE
Original cataloging agency AR-FvUNAJ
082 14 - DEWEY DECIMAL CLASSIFICATION NUMBER
Edition number 14
Classification number 321.8
100 1# - MAIN ENTRY--PERSONAL NAME
9 (RLIN) 8813
Personal name Touraine, Alain
245 11 - TITLE STATEMENT
Title ¿Qué es la democracia? /
Statement of responsibility, etc Alain Touraine
260 ## - PUBLICATION, DISTRIBUTION, ETC. (IMPRINT)
Place of publication, distribution, etc Buenos Aires:
Name of publisher, distributor, etc Fondo de Cultura Económica,
Date of publication, distribution, etc 1995
300 ## - PHYSICAL DESCRIPTION
Extent 309 p.
650 27 - SUBJECT ADDED ENTRY--TOPICAL TERM
Source of heading or term unescot
9 (RLIN) 740
Topical term or geographic name as entry element DEMOCRACIA
650 27 - SUBJECT ADDED ENTRY--TOPICAL TERM
Source of heading or term unescot
9 (RLIN) 1779
Topical term or geographic name as entry element ESTADO Y SOCIEDAD
650 27 - SUBJECT ADDED ENTRY--TOPICAL TERM
Source of heading or term unescot
9 (RLIN) 8981
Topical term or geographic name as entry element SOCIEDAD CIVIL
942 ## - ADDED ENTRY ELEMENTS (KOHA)
Source of classification or shelving scheme Dewey Decimal Classification
Item type Libro, folleto, traducción
980 ## - EQUIVALENCE OR CROSS-REFERENCE-SERIES STATEMENT--PERSONAL NAME/TITLE [LOCAL, CANADA]
Linkage 19226
Personal name Palazón Marcela I.
Field link and sequence number 19226
Miscellaneous information Palazón Marcela I.
Holdings
Withdrawn status Lost status Source of classification or shelving scheme Damaged status Not for loan Home library Current library Date acquired Total Checkouts Full call number Barcode Date last seen Copy number Price effective from Koha item type
    Dewey Decimal Classification     Biblioteca Central Biblioteca Central 21/02/2025   321.8 TOU UNAJ25020195 21/02/2025 1 21/02/2025 Libro, folleto, traducción

Lunes a Viernes 8:30 a 19:00 hs. Cerrado por mudanza
Av.Calchaqui 6200 Florencio Varela (CP188) 2°piso Edificio Mosconi Aula 209-210
Mail: bibliotecacentralunaj@gmail.com  
Whatsapp(54 9)1122668024    ❔Pregunte a la bibliotecaria
© Universidad Nacional Arturo Jauretche | Secretaría Académica | Biblioteca Central UNAJ